Les Mots en Verlan les Plus Utilisés en France - Statistiques

Statistiques générales
  • Ce quiz a été pris 171 fois
  • Le résultat moyen est 5 sur 30
Statistiques - réponses
Top Verlan % Correct
1 Meuf
64%
5 Chelou
52%
2 Keuf
40%
6 Relou
37%
9 Cimer
35%
3 Reuf
32%
27 Zarbi
31%
4 Ouf
30%
7 Keum
28%
26 Teuf
22%
30 Chanmé
20%
12 Renoi
19%
18 Teubé
15%
13 Vénère
13%
15 Cheum
12%
20 Iench
11%
16 Oim
9%
24 Gueudin
8%
8 Pécho
8%
17 Téma
8%
14 Golri
7%
21 Tigen
7%
28 Turfu
6%
10 Mifa
5%
25 Ripou
5%
29 Donf
4%
11 Caillera
3%
23 Géchan
3%
19 Kéblo
3%
22 Teuté
2%
Aucun quiz correspondant
Distribution des résultats
% des personnes avec chaque résultat
Percentile par nombre de réponses
Votre historique - résultats
Vous n’avez pas pris ce quiz